Evaluación 1: orientaciones para evaluar el rendimiento escolar
Guardat en:
| Autors principals: | , , , |
|---|---|
| Format: | Llibre |
| Idioma: | espanyol |
| Publicat: |
Santiago
CPEIP
1976
Santiago OEA 1976 |
| Edició: | 1a. ed |
| Matèries: | |
| Etiquetes: |
Afegir etiqueta
Sense etiquetes, Sigues el primer a etiquetar aquest registre!
|
MARC
| LEADER | 00000nam a2200000 a 4500 | ||
|---|---|---|---|
| 001 | UCK9350 | ||
| 003 | CL-VaPUC | ||
| 008 | 060428e19760000cl |||||||||||||||||spa|d | ||
| 082 | 0 | 4 | |a 371.26 |b FAR |2 21 |
| 100 | 0 | |a Fariña, Isabel |e author |9 499090 | |
| 700 | 0 | |a Villafaña Trujillo, Ruth |e author |9 499091 | |
| 700 | |a Herrera Ruiz, Rafael |e author |9 499092 | ||
| 700 | 0 | |a Ahumada Acevedo, Pedro Antenor |e author |9 499093 | |
| 245 | 1 | 0 | |a Evaluación 1: orientaciones para evaluar el rendimiento escolar |
| 246 | 1 | 0 | |a Evaluación educacional |
| 250 | |a 1a. ed | ||
| 300 | |a 108 p | ||
| 942 | |c BK | ||
| 945 | |d 20060428 00:00:00 |a cmena | ||
| 260 | |a Santiago |b CPEIP |c 1976 | ||
| 260 | |a Santiago |b OEA |c 1976 | ||
| 650 | 0 | |a Evaluación de la educación |9 237505 | |
| 650 | 0 | |a Rendimiento escolar |9 330254 | |
| 650 | 0 | |a Métodos de investigación |9 262618 | |
| 583 | |a last modification |c 20171006 04:09:51 |k Rodrigo Vera | ||
| 999 | |c 316565 |d 316563 | ||
| 952 | |0 0 |1 0 |4 0 |6 371_260000000000000_FAR_1976_1976 |7 0 |8 P |9 391023 |a BIBEDU |b BIBEDU |c BIBEDU_PB |d 2019-11-22 |i 4225295 |o 371.26 FAR 1976 1976 |p 4225295 |r 2024-01-25 |w 2019-11-22 |y BK |k EDU | ||